| 000 | 00652nam a2200241Ia 4500 | ||
|---|---|---|---|
| 005 | 20240320153912.0 | ||
| 008 | 140110s9999 xx 000 0 und d | ||
| 020 |
_a9781412912372 _cRs.2484.64 |
||
| 040 | _aLoreto College | ||
| 041 | _aEnglish | ||
| 082 |
_a152.4 _bCOR |
||
| 100 | _aCornwell, Sue | ||
| 245 | 4 |
_aThe Emotional Curriculum _cSue Cornwell and Jill Bundy |
|
| 250 | _aA journey towards emotional literacy | ||
| 260 |
_aLondon _bSage _c2009 |
||
| 300 | _aviii, 124p. | ||
| 504 | _aIncludes references and appendix | ||
| 650 | _aPsychology | ||
| 651 | _aEmotion | ||
| 700 | _aBundy, Jill | ||
| 850 | _aLCBED | ||
| 942 | _cBK | ||
| 999 |
_c38752 _d89231 |
||